An inquiry into meaning and truth: the William James lectures for 1940 delivered at Harvard University (Record no. 47021)

MARC details
000 -LEADER
fixed length control field 00595nam a2200145 a 4500
008 - FIXED-LENGTH DATA ELEMENTS--GENERAL INFORMATION
fixed length control field 120416s1962 ||||||||||||||||| || u
050 ## - LIBRARY OF CONGRESS CALL NUMBER
Classification number B 1649. R93I6 Rus
100 ## - MAIN ENTRY--PERSONAL NAME
Personal name Russell, Bertrand, 3rd Earl, 1872-1970
245 13 - TITLE STATEMENT
Title An inquiry into meaning and truth: the William James lectures for 1940 delivered at Harvard University
260 ## - PUBLICATION, DISTRIBUTION, ETC.
Place of publication, distribution, etc. Harmondsworth
Name of publisher, distributor, etc. Penguin
Date of publication, distribution, etc. 1962
300 ## - PHYSICAL DESCRIPTION
Extent 333p.
350 ## - PRICE (NR) (BK AM CF MU VM SE) [OBSOLETE]
Price 0.00
650 ## - SUBJECT ADDED ENTRY--TOPICAL TERM
Topical term or geographic name entry element PHILOSOPHY
995 ## - RECOMMENDATION 995 [LOCAL, UNIMARC FRANCE]
-- 0.00
-- CBU-MAIN LIBRARY (Kitwe)
-- 1
-- 0.00
-- AVAILABLE
-- Annex Low-Usage Collection
Holdings
Withdrawn status Lost status Source of classification or shelving scheme Damaged status Not for loan Home library Current library Shelving location Date acquired Total Checkouts Full call number Barcode Date last seen Price effective from Koha item type
          CBU-MAIN LIBRARY, KITWE. CBU-MAIN LIBRARY, KITWE.   11/30/2022   B 1649. R93I6 Rus 020147 11/30/2022 11/30/2022 MONOGRAPH